| 000 | 01166nam a2200217 a 4500 | ||
|---|---|---|---|
| 001 | 001057440 | ||
| 003 | AM-YeHGA | ||
| 005 | 20250617162115.0 | ||
| 008 | 150203s1959 ||||||||r|||||000|0|rus|d | ||
| 040 | _aAM-YeHGA | ||
| 041 | 0 | _arus | |
| 245 | 0 |
_aЗлокачественные новообразования верхних дыхательных путей / _c[Редкол.: В.Д. Братусь (отв. ред.) [и др.]]; МЗ УССР, Киевский государственный институт усовершенствования врачей. |
|
| 260 |
_aКиев : _bГосмедиздат УССР, _c1959. |
||
| 300 |
_a272 с. : _bил. ; _c21 см. |
||
| 440 | 0 | _aТруды клиники оториноларингологии | |
| 504 | _aБиблиогр. в конце ст. | ||
| 650 | 1 | 4 |
_aДыхательных путей новообразования _xэтиология _xдиагностика _xхирургия |
| 650 | 1 | 4 |
_aЛор-органов новообразования _xклассификация _xдиагностика _xхирургия |
| 650 | 1 | 4 | _aНаучные исследования |
| 090 | _c486539 | ||
| 999 |
_c483186 _d483186 |
||